Fundamentos de estratigrafía

Bibliographic Details
Main Author: Hernández Pérez, Ernesto
Format: Section = Libro
Language:Undetermined
Spanish
Published: La Habana Pueblo y Educación 1978
Subjects:
LEADER 00440nam a2200169Ia 4500
008 240829s9999 xx 000 0 und d
040 |a BIBLIOTECA-RUSB/ 551.8 H557 
041 |a spa 
082 |a 551.8 H557 
100 1 |a Hernández Pérez, Ernesto 
245 1 0 |a Fundamentos de estratigrafía 
260 |a La Habana  |b Pueblo y Educación  |c 1978 
300 |a 87 p. :il. 
650 7 |a ESTRATIGRAFIA 
942 |c BK  |2 ddc 
991 |a TEXTO 
999 |c 2561